000
00310nam a22001217a 4500
008
160420b xxu||||| |||| 00| 0 eng d
020
_a
9780323071505
020
_a
9780323071505
041
_a
eng
080
_a
618.2
245
_a
Nursing diagnosis handbook;
_c
Betty J. Ackley; Gail B.Ladwing;
942
_2
udc
_c
BK
999
_c
1469
_d
1469